Jan Hus : un drame au cœur de l'Eglise /

Saved in:
நூற்பட்டியல் விவரங்கள்
தலைமை எழுத்தாளர்: Puyo, Jean, 1924-
வடிவம்: புத்தகம்
மொழி:French
வெளியீடப்பட்டது: Paris : Desclée de Brouwer, c1998.
தொகுதி:Temps et visages.
பகுதிகள்:
குறியீடுகள்: குறிச்சொல் இணை
குறியீடுகள் இல்லை, இந்த குறிச்சொல்லை முதலில் பதிவு செய்யுங்கள்!
LEADER 00880nam a2200301 a 4500
001 007777489-2
005 20020606104010.5
008 980612s1998 fr a b 000 0bfre
010 |a  98160052  
020 |a 2220041662 
035 0 |a ocm39062523 
040 |a DLC  |c DLC 
043 |a e-xr--- 
050 0 0 |a BX4917  |b .P88 1998 
082 0 0 |a 284/.3  |a b  |2 21 
100 1 |a Puyo, Jean,  |d 1924- 
245 1 0 |a Jan Hus :  |b un drame au cœur de l'Eglise /  |c Jean Puyo. 
260 |a Paris :  |b Desclée de Brouwer,  |c c1998. 
300 |a 187 p. :  |b ill. ;  |c 19 cm. 
490 1 |a Temps et visages 
504 |a Includes bibliographical references (p. 187). 
600 1 0 |a Hus, Jan,  |d 1369?-1415. 
650 0 |a Reformation  |z Czech Republic  |z Bohemia  |v Biography. 
650 0 |a Reformation  |x Early movements. 
650 0 |a Hussites. 
830 0 |a Temps et visages. 
988 |a 20020608 
906 |0 DLC